Movies that Start with the letter S - Statistics

General Stats
  • This quiz has been taken 54 times
  • The average score is 9 of 20
Answer Stats
Description Movie % Correct
Teenager gains superpowers after being bitten by a genetically modified arthropod Spiderman
91%
Group of U.S. soldiers need to retrieve a paratrooper whose brothers have been killed Saving Private Ryan
79%
Troubled child can communicate with the dead Sixth Sense, The
79%
Moving to an isolated hotel with a violent history leads the caretaker to descent into insanity, impacting his family Shining, The
72%
Top university student creates a socializing website and gets sued by twins Social Network, The
70%
Widower and his children finds mysterious crop circles in their fields Signs
66%
Mean lord exiles fairytale creatures to the swamp of a grumpy ogre Shrek
62%
Two US marshals are sent to a remote island asylum to investigate the disappearance of a patient Shutter Island
60%
Pilot lands damaged plane on the Hudson River to save the passengers Sully
55%
Kidnapper has 24 alter egos Split
49%
Wrongfully imprisoned Barber bent on revenge with a sinister partner Sweeney Todd: The Demon Barber of Fleet Street
49%
Lonely janitor forms a relationship with a captive amphibious creature Shape of Water, The
47%
American newspaper shakes the entire Catholic Church by uncovering a scandal Spotlight
38%
Young girl must save her parents who are transformed into pigs Spirited Away
26%
Returning Swedish knight seeks answers about life, death, and God as he plays chess against the Grim Reaper during the Black Plague. Seventh Seal, The
17%
Ex agent steals a hard drive with top-secret information to carry out a vendetta on Super spy's boss Skyfall
13%
Surfer gets attacked by a great white shark which leaves her stranded on a rock 200 yards from the shore Shallows, The
9%
Newly fostered boy in search of his mother finds unexpected superpowers Shazam
6%
Soldier wakes up in another body and as part of government experiment to find a train bomber Source Code
6%
British aviator cheats death and argues for his life before a celestial court Stairway to Heaven
4%
No matching quizzes found
Score Distribution
Percent of People with Each Score
Percentile by Number Answered
Your Score History
You have not taken this quiz